| 000 | 00000nam##2200000za#4500 |
| 001 | 9.598943 |
| 003 | CaOODSP |
| 005 | 20210624204822 |
| 007 | cr ||||||||||| |
| 008 | 150406|2000||||xxc|||||o f|0| 0 fre|d |
| 040 | |aCaOODSP|bfre |
| 043 | |an-cn--- |
| 086 | 1 |aA22-202/2000F-PDF |
| 110 | 1 |aCanada. |bAgriculture et agroalimentaire Canada. |bDirection générale des politiques. |
| 245 | 10|aEffets des exportations agroalimentaires sur le revenu agricole / |h[ressource électronique]|c[Publié par la] Direction de l'analyse économique et stratégique. |
| 260 | |aOttawa - Ontario : |bAgriculture et Agroalimentaire Canada. |c2000. |
| 300 | |a28p.|bgraphiques, références, tableaux |
| 490 | 1 |aSérie sur les études de marchés |
| 500 | |aLe n° de catalogue (A22-202/2000F) et l’ISBN (0-662-84502-1) de l'édition imprimée ont été incorrectement copiés dans cette édition électronique. |
| 590 | |a10-07-Supp|b2010-09-08 |
| 775 | 08|tEffects of agri-food exports on farm income / |w(CaOODSP)9.567614 |
| 776 | 0#|tEffets des exportations alimentaires sur le revenu agricole |w(CaOODSP)9.625272 |
| 830 | #0|aSérie sur les études de marchés.|w(CaOODSP)9.500835 |
| 856 | 40|ahttp://publications.gc.ca|qPDF|s368 Ko|uhttps://publications.gc.ca/collections/Collection/A22-202-2000F.pdf |